000 00323nam a2200109Ia 4500
008 171211s9999 xx 000 0 und d
245 2 _aA Tiger by the Tail: The Keynesian Legacy of Inflation
245 _cFriedrich A. Hayek
260 _c1979
650 _xECONOMICS
856 _uhttp://down.ebook777.com/063/0932790062.pdf
999 _c349574
_d349574